একবিংশ শতাব্দীর প্রথম দশকে ঢাকার মঞ্চনাটক : (Record no. 78268)
[ view plain ]
| 000 -LEADER | |
|---|---|
| fixed length control field | 01766nam a2200277 a 4500 |
| 001 - CONTROL NUMBER | |
| control field | 78268 |
| 003 - CONTROL NUMBER IDENTIFIER | |
| rucl marc code | BD-RjUL |
| 005 - DATE AND TIME OF LATEST TRANSACTION | |
| control field | 20211209083118.0 |
| 008 - FIXED-LENGTH DATA ELEMENTS--GENERAL INFORMATION | |
| fixed length control field | 210831s2014 bg a|||| m||| 00| 0 ben d |
| 035 ## - SYSTEM CONTROL NUMBER | |
| System control number | (BD-RjUL) 78494 |
| 040 ## - CATALOGING SOURCE | |
| Original cataloging agency | BD-RjUL |
| Language of cataloging | ben / eng |
| Transcribing agency | BD-RjUL |
| Modifying agency | BD-RjUL |
| 041 ## - LANGUAGE CODE | |
| Language code of text/sound track or separate title | ben |
| 082 ## - DEWEY DECIMAL CLASSIFICATION NUMBER | |
| Classification number | 792.0954922 |
| Author mark and year | ALE 2014 |
| Edition number | 23 |
| 100 ## - MAIN ENTRY--PERSONAL NAME | |
| Personal name | আলম, মীর মেহবুব |
| 9 (RLIN) | 247274 |
| 245 10 - TITLE STATEMENT | |
| Title | একবিংশ শতাব্দীর প্রথম দশকে ঢাকার মঞ্চনাটক : |
| Remainder of title | প্রবণতা ও নির্মানশৈলী / |
| Statement of responsibility, etc. | মীর, মেহবুব আলম ; |
| Linkage | তত্ত্বাবধায়ক : সফিকুন্নবী সামাদী |
| 260 ## - PUBLICATION, DISTRIBUTION, ETC. (IMPRINT) | |
| Place of publication, distribution, etc. | রাজশাহী : |
| Name of publisher, distributor, etc. | নাট্যকলা বিভাগ, রাজশাহী বিশ্ববিদ্যালয়, |
| Date of publication, distribution, etc. | ২০১৪ |
| 300 ## - PHYSICAL DESCRIPTION | |
| Pagination | [৩], ২৭০ পাতা : |
| Illustrations | চিএ ; |
| Size | ২৯ সেমি. |
| 502 ## - DISSERTATION NOTE | |
| Dissertation note | থিসিস (পিএইচ. ডি.) -- নাট্যকলা বিভাগ, রাজশাহী বিশ্ববিদ্যালয়, ২০১৪ |
| 504 ## - BIBLIOGRAPHY, ETC. NOTE | |
| Bibliography, etc | [গ্রন্থপঞ্জি] :পাতা ১৮০-২৭০ |
| 650 ## - SUBJECT ADDED ENTRY--TOPICAL TERM | |
| Topical term or geographic name as entry element | মঞ্চনাটক |
| Geographic subdivision | বাংলাদেশ |
| -- | ঢাকা |
| General subdivision | ইতিহাস |
| Chronological subdivision | ২০০০-২০১০ |
| 9 (RLIN) | 247275 |
| Topical term or geographic name as entry element | Theater |
| Geographic subdivision | Bangladesh |
| -- | Dhaka |
| General subdivision | History. |
| Chronological subdivision | 2000-2010 |
| 9 (RLIN) | 247505 |
| Topical term or geographic name as entry element | থিয়েটার এবং সমাজ |
| Geographic subdivision | বাংলাদেশ |
| -- | ঢাকা |
| 9 (RLIN) | 247506 |
| Topical term or geographic name as entry element | Theater and society |
| Geographic subdivision | Bangladesh. |
| -- | Dhaka |
| 9 (RLIN) | 247507 |
| 700 ## - ADDED ENTRY--PERSONAL NAME | |
| Personal name | সামাদী, সফিকুন্নবী, তত্ত্বাবধায়ক |
| 942 ## - ADDED ENTRY ELEMENTS (KOHA) | |
| Source of classification or shelving scheme | Dewey Decimal Classification |
| Koha item type | Theses |
| Lost status | Source of classification or shelving scheme | Damaged status | Not for loan | Collection code | Permanent Location | Current Location | Shelving location | Date acquired | Source of acquisition | Total Checkouts | Full call number | Date last seen | Copy number | Koha item type |
|---|---|---|---|---|---|---|---|---|---|---|---|---|---|---|
| Dewey Decimal Classification | Not For Loan | Theses | Central Library, University of Rajshahi | Central Library, University of Rajshahi | Documentation Section | 13/06/2015 | Controller of Exam. , R.U | BTHE 792.0954922 ALE 2014 | 31/08/2021 | C-1 | Theses |